000 00907nam a22001935i 4500
001 156271
003 ES-MaACL
005 20230906210350.0
008 970416s1871 sp |||| | spa d
040 _aCYL
_bspa
_cCYL
100 1 _aJareño y Alarcon, Francisco.
_9128277
245 1 0 _aMemoria facultativa sobre los proyectos de escuelas de instrucción primaria /
_cpor D. Francisco Jareño y Alarcon.
260 _aMadrid :
_b[s.n.],
_c1871 (
_fImprenta del Colegio Nacional de Sordo-mudos y de Ciegos)
300 _a85 p., VI lám. ;
_c26 cm.
500 _aProyectos premiados en concurso público adquiridos por el estado y mandados publicar por Decreto de S.A. el Regente del Reino de 7 de abril de 1870.
599 _aLas h. de grab. litogr. al final del libro, "Lit. Donon", planos.
650 4 _aEscuelas.
_9136043
852 _aES-MaACL
_jT-176-F-1
_z-- Enc. hol.
_z-- Enc. en un vol. facticio
999 _c156271
_d156271